| 000 | 00627nam a22002057a 4500 | ||
|---|---|---|---|
| 005 | 20220630101930.0 | ||
| 008 | 220630b ||||| |||| 00| 0 eng d | ||
| 040 | _cAL | ||
| 041 | _aEnglish | ||
| 082 |
_223 _a949.7 _bMICA |
||
| 100 |
_aVojislav Micovic _946175 |
||
| 245 | _aAggression Against Yugoslavia: the "angel of mercy" of the New World Order | ||
| 260 |
_aBelgrade _bTanjug _c2000 |
||
| 300 |
_a259 p. _bPB _c23x17 cm. |
||
| 650 |
_aNorth Atlantic Treaty Organization _946176 |
||
| 650 |
_aPropaganda Anti-Yugoslav _946177 |
||
| 650 |
_aCivil War _946178 |
||
| 700 |
_aMICOVIC (Vojislav) _946179 |
||
| 942 |
_2ddc _cGF |
||
| 999 |
_c223533 _d223533 |
||